000
00327nam a22001337a 4500
020
_a
978-1-84920-092-9
082
_a
519.5
100
_a
Field, Andy
245
_a
Discovering Statistics Using SAS
260
_a
London:
_b
SAGE Publication,
_c
2010
300
_a
xxxii, 719p.: ill.; 27cm
700
_a
Miles, Jeremy
942
_c
BK
999
_c
22227
_d
22227